Multiple Choice Font Identification - Statistics

General Stats
  • This quiz has been taken 35 times
  • The average score is 9 of 16
Answer Stats
Question Answer % Correct
Arial Arial
87%
Impact Impact
81%
Comic Sans MS Comic Sans MS
74%
Courier New Courier New
74%
Times New Roman Times New Roman
68%
Papyrus Papyrus
65%
Garamond Garamond
61%
Georgia Georgia
61%
Brush Script MT Brush Script MT
55%
Trebuchet MS Trebuchet MS
55%
Futura Futura
52%
Copperplate Copperplate
48%
Verdana Verdana
48%
Monaco Monaco
39%
Helvetica Helvetica
35%
Tahoma Tahoma
16%
No matching quizzes found
Score Distribution
Percent of People with Each Score
Percentile by Number Answered
Your Score History
You have not taken this quiz